| 000 | 00499nam a22002051a 4500 | ||
|---|---|---|---|
| 001 | 1735 | ||
| 003 | OSt | ||
| 005 | 20260204211745.0 | ||
| 008 | 040120s1998||||sp ||||||b||||||||||spa|| | ||
| 020 | _a8471123517 | ||
| 050 | _a375.0088 T636c | ||
| 082 | _a375.0088 T636c | ||
| 100 | _aTorres, Santomé Jurjo | ||
| 245 | _aEl curriculum oculto / Jurjo Torres Santomé | ||
| 264 | _aEspaña : Morata | ||
| 300 | _a219 p. | ||
| 500 | _aIncluye indice | ||
| 650 | _a1.CurriculumÌ | ||
| 942 |
_2ddc _cBK |
||
| 999 |
_c1735 _d1735 |
||